| 000 | 00669nam a2200193 u 4500 | ||
|---|---|---|---|
| 001 | 000416825 | ||
| 003 | AM-YeHGA | ||
| 005 | 20250617133006.0 | ||
| 008 | 050324s1981 ||| r 000 0 rus d | ||
| 040 | _aAM-YeHGA | ||
| 041 | 1 |
_arus _hukr |
|
| 100 | 1 | _aЛучук, Владимир Иванович | |
| 245 | 1 | 0 |
_aБратское эхо : _bСтихи / _cВладимир Лучук; Авториз. пер. с укр. П. Градова. |
| 260 |
_aМосква : _bСов. писатель, _c1981. |
||
| 300 | _a56 с. | ||
| 653 | 0 | _aУкраинская советская поэзия | |
| 700 | 1 |
_aГрадов, Петр. _eпер. _4trl |
|
| 090 | _c160409 | ||
| 999 |
_c159005 _d159005 |
||